[Event "Match"]
[Site "www.echecsemail.com"]
[Date "2019.10.13"]
[Round "1"]
[White "Said13"]
[Black "Guidom"]
[WhiteElo "1809"]
[BlackElo "2060"]
[Result "1-0"]
[Round "1"]
1.c4 c5
2.Nb1c3 Nb8c6
3.Ng1f3 Ng8f6
4.g3 d6
5.Bf1g2 g6
6.O-O Bf8g7
7.d3 O-O
8.Bc1d2 Bc8g4
9.Ra1b1 a6
10.a3 Ra8b8
11.b4 Nc6d4
12.Nf3xd4 cxd4
13.Nc3e4 Nf6xe4
14.Bg2xe4 Bg4h3
15.Rf1e1 Qd8d7
16.e3 e6
17.exd4 Bg7xd4
18.Bd2e3 Bd4c3
19.Be3d2 Bc3xd2
20.Qd1xd2 d5
21.cxd5 exd5
22.Be4h1 Rf8e8
23.d4 Qd7b5
24.Bh1g2 Bh3f5
25.Rb1c1 Rb8c8
26.Rc1xc8 Re8xc8
27.h4 Rc8c2
28.Qd2f4 Rc2e2
29.Re1xe2 Qb5xe2
30.Bg2xd5 b5
31.Qf4b8 Kg7
32.Qb8e5 Qe2xe5
33.dxe5 Bf5c8
34.f4 Kf8
35.Kf2 Ke7
36.Ke3 f6
37.Kd4 fxe5
38.fxe5 Kd7
39.Kc5 Kc7
40.Bd5g8 h6
41.Bg8f7 g5
42.hxg5 hxg5
43.e6 Kd8
44.Kd6 { resign }
1-0

[Event "Tourn. n10218"]
[Site "www.echecsemail.com"]
[Date "2019.10.13"]
[Round "1"]
[White "Jjmcbride"]
[Black "Iko"]
[WhiteElo "1740"]
[BlackElo "1820"]
[Result "0-1"]
[Round "1"]
1.e4 e5
2.Ng1f3 Ng8f6
3.d3 g6
4.Nf3xe5 Qd8e7
5.f4 d6
6.Ne5f3 Bf8h6
7.h3 Nf6h5
8.g4 Nh5g3
9.Rh1g1 Ng3xf1
10.Rg1xf1 { time. }
0-1

[Event "Tourn. n10211"]
[Site "www.echecsemail.com"]
[Date "2019.10.13"]
[Round "1"]
[White "Cal"]
[Black "Fabos12"]
[WhiteElo "1850"]
[BlackElo "1670"]
[Result "1-0"]
[Round "1"]
1.c4 e5
2.e4 Bf8c5
3.Ng1f3 d6
4.a3 a6
5.h3 h6
6.Nb1c3 Nb8c6
7.d3 Bc8e6
8.Bf1e2 Ng8e7
9.O-O Nc6d4
10.Bc1e3  { time }
1-0

[Event "Tourn. n10199"]
[Site "www.echecsemail.com"]
[Date "2019.10.13"]
[Round "1"]
[White "Churrasca"]
[Black "Ditto"]
[WhiteElo "1970"]
[BlackElo "1830"]
[Result "1-0"]
[Round "1"]
1.e4 e5
2.Ng1f3 Nb8c6
3.Bf1c4 Ng8f6
4.d4 d6
5.d5 Nc6b8
6.Nb1c3 a6
7.a4 Bc8d7
8.O-O c6
9.dxc6 Bd7xc6
10.Nf3g5 d5
11.exd5 Bc6d7
12.d6 Qd8c8
13.Bc4xf7 Kd8
14.Bc1e3 Bd7c6
15.Be3b6 Kd7
16.Bf7e6 Ke8
17.Be6xc8 Nb8d7
18.Bc8xd7 Bc6xd7
19.Nc3d5 Bd7c6
20.Nd5c7 Kd7
21.Nc7xa8 Bf8xd6
22.Na8c7 Rh8f8
23.Qd1d3 h6
24.Ng5e6 Rf8g8
25.Ra1d1 Nf6e4
26.f3 Ne4f6
27.Qd3xd6 Kc8
28.Nc7xa6 Rg8e8
29.Qd6c7 { resign }
1-0

[Event "Match"]
[Site "www.echecsemail.com"]
[Date "2019.10.13"]
[Round "1"]
[White "Tbsundar"]
[Black "Picifarkinca"]
[WhiteElo "2180"]
[BlackElo "1570"]
[Result "1-0"]
[Round "1"]
1.d4 e6
2.c4 Ng8f6
3.Ng1f3 Bf8b4
4.Bc1d2 Qd8e7
5.a3 Bb4xd2
6.Nb1xd2 d5
7.e3 b6
8.b4 c5
9.bxc5 bxc5
10.cxd5 Nf6xd5
11.dxc5 O-O
12.Nd2e4 Bc8b7
13.Qd1b3 Bb7c6
14.Nf3e5 Rf8d8
15.Ra1c1 f6
16.Ne5xc6 Nb8xc6
17.Qb3a4 Qe7c7
18.Bf1c4 Nc6e5
19.O-O { resign }
1-0

[Event "Tourn. n10215"]
[Site "www.echecsemail.com"]
[Date "2019.10.13"]
[Round "1"]
[White "Iko"]
[Black "Kevinking"]
[WhiteElo "1820"]
[BlackElo "2000"]
[Result "1-0"]
[Round "1"]
1.e4 Ng8f6
2.e5 Nf6d5
3.c4 Nd5b6
4.c5 Nb6d5
5.Bf1c4 e6
6.Bc4xd5 exd5
7.Nb1c3 c6
8.Ng1h3 Bf8xc5
9.Qd1f3 d6
10.Qf3e2 O-O
11.f4 f5
12.e6 Rf8e8
13.Qe2h5 g6
14.Qh5h6 Re8xe6
15.Nc3e2 Qd8e7
16.Nh3g5 Re6xe2
17.Kd1 Re2xg2
18.Rh1e1 Qe7g7
19.Re1e8 Qg7f8
20.Qh6xf8 { resign }
1-0

[Event "Tourn. n10218"]
[Site "www.echecsemail.com"]
[Date "2019.10.14"]
[Round "1"]
[White "Fabos12"]
[Black "Cal"]
[WhiteElo "1670"]
[BlackElo "1820"]
[Result "0-1"]
[Round "1"]
1.d4 d5
2.Ng1f3 h6
3.c3 Ng8f6
4.h3 a6
5.Bc1f4 Nb8c6
6.e3 e6
7.Bf1d3 Bf8e7
8.Nb1d2 b5
9.O-O Be7d6
 { time }
0-1

[Event "Tourn. n10215"]
[Site "www.echecsemail.com"]
[Date "2019.10.14"]
[Round "1"]
[White "Kevinking"]
[Black "Said13"]
[WhiteElo "2000"]
[BlackElo "1809"]
[Result "0-1"]
[Round "1"]
1.c4 e5
2.Nb1c3 d6
3.g3 c6
4.Ng1f3 f5
5.d3 Ng8f6
6.Bc1g5 Bf8e7
7.Bg5xf6 Be7xf6
8.Bf1g2 Bc8e6
9.O-O O-O
10.Qd1d2 Nb8d7
11.b4 g5
12.Ra1b1 g4
13.Nf3e1 Bf6g5
14.e3 f4
15.Nc3e4 f3
16.Ne4xd6 fxg2
17.Ne1xg2 h5
18.Nd6xb7 Qd8c7
19.Nb7a5 Rf8f3
20.Ng2e1 Rf3f6
21.Qd2c3 Ra8f8
22.b5 Bg5xe3
23.Rb1b2 Qc7b6
24.Kg2 cxb5
25.Rb2xb5 Rf6xf2
26.Rf1xf2 Rf8xf2
27.Kh1 Rf2f1
28.Kg2 Rf1g1
{ resign }
0-1

[Event "Tourn. n10230"]
[Site "www.echecsemail.com"]
[Date "2019.10.15"]
[Round "1"]
[White "Apdash"]
[Black "Fantomas"]
[WhiteElo "2200"]
[BlackElo "2180"]
[Result "1/2-1/2"]
[Round "1"]
1.e4 c5
2.Ng1f3 d6
3.d4 cxd4
4.Nf3xd4 Nb8c6
5.Nb1c3 Ng8f6
6.Bf1c4 g6
7.Bc1e3 Bf8g7
8.Nd4e2 O-O
9.O-O Nf6g4
10.Be3f4 Ng4e5
11.Bc4b3 Ne5d7
12.Qd1d2 Nd7c5
13.Bf4h6 Nc5xb3
14.axb3 Bc8d7
15.Bh6xg7 Kxg7
16.f4 Bd7e8
17.Rf1f3 f6
18.Rf3h3 Rf8h8
19.Nc3d5 h5
20.Qd2e3 Be8d7
21.f5 g5
22.Ne2d4 Nc6xd4
23.Qe3xd4 Kf7
24.Ra1xa7 Bd7c6
25.Nd5b4 Ra8xa7
26.Qd4xa7 Bc6xe4
27.Rh3e3 Be4xf5
28.Qa7xb7 Qd8d7
{ draw }
1/2-1/2

[Event "Tourn. n10224"]
[Site "www.echecsemail.com"]
[Date "2019.10.15"]
[Round "1"]
[White "Luban"]
[Black "Orhany24"]
[WhiteElo "2130"]
[BlackElo "2160"]
[Result "0-1"]
[Round "1"]
1.d4 d5
2.Ng1f3 Ng8f6
3.e3 Bc8g4
4.c4 e6
5.a3 c5
6.dxc5 Bf8xc5
7.b4 Bc5e7
8.Bc1b2 O-O
9.Nb1d2 a6
10.Nd2b3 dxc4
11.Bf1xc4 b5
12.Bc4e2 Nb8c6
13.Nf3d4 Bg4xe2
14.Qd1xe2 Qd8b6
15.O-O Ra8c8
16.Ra1c1 Rf8d8
17.Rf1d1 Nc6xd4
18.Bb2xd4 Qb6b7
19.Nb3a5 Qb7e4
20.Na5c6 Rc8xc6
21.Bd4xf6 Be7xf6
22.f3 Rd8xd1
23.Rc1xd1 Qe4c4
24.Qe2d2 Rc6c8
{ resign }
0-1

[Event "Tourn. n10183"]
[Site "www.echecsemail.com"]
[Date "2019.10.15"]
[Round "1"]
[White "Conde7"]
[Black "Nevaeh"]
[WhiteElo "2870"]
[BlackElo "2830"]
[Result "1-0"]
[Round "1"]
1.e4 c5
2.Ng1f3 d6
3.d4 cxd4
4.Nf3xd4 Ng8f6
5.Nb1c3 a6
6.h3 e5
7.Nd4b3 Bc8e6
8.Bc1e3 Bf8e7
9.Qd1f3 Nb8d7
10.g4 h6
11.O-O-O Ra8c8
12.Nc3d5 Nd7f8
13.Kb1 Nf8g6
14.a3 Nf6d7
15.Nd5xe7 Qd8xe7
16.Qf3g3 Nd7f6
17.Bf1d3 O-O
18.Qg3f3 Nf6d7
19.Qf3g3 Nd7c5
20.Nb3xc5 dxc5
21.Bd3e2 c4
22.Be3d2 Rf8d8
23.Bd2b4 Rd8xd1
24.Be2xd1 Qe7h4
25.Qg3xh4 Ng6xh4
26.Bd1e2 Nh4g2
27.h4 Ng2f4
28.Be2f3 Be6d7
29.Bb4d2 f6
30.Bd2xf4  { time }
1-0

[Event "Match"]
[Site "www.echecsemail.com"]
[Date "2019.10.15"]
[Round "1"]
[White "Foxy100"]
[Black "Apdash"]
[WhiteElo "2460"]
[BlackElo "2230"]
[Result "1-0"]
[Round "1"]
1.e4 c5
2.Ng1f3 d6
3.d4 cxd4
4.Nf3xd4 Ng8f6
5.Nb1c3 a6
6.Bc1g5 e6
7.f4 Bf8e7
8.Qd1d3 Nb8c6
9.O-O-O Bc8d7
10.Nd4f3 b5
11.e5 dxe5
12.Nf3xe5 Nc6xe5
13.fxe5 Nf6g4
14.Bg5xe7 Qd8xe7
15.Qd3f3 Qe7g5
16.Kb1 O-O
17.h4 Qg5xe5
18.Rd1xd7 b4
19.Qf3xg4 bxc3
20.Qg4d4 Qe5e1
21.Qd4d1 Qe1e5
22.b3 Qe5a5
23.Bf1c4 Rf8c8
24.Qd1f3 Rc8f8
25.Rh1f1 Qa5h5
26.Qf3xh5 { resign }
1-0

[Event "Tourn. n10147"]
[Site "www.echecsemail.com"]
[Date "2019.10.15"]
[Round "1"]
[White "Nevaeh"]
[Black "Numanoid"]
[WhiteElo "2840"]
[BlackElo "2760"]
[Result "0-1"]
[Round "1"]
1.e4 e6
2.d4 d5
3.Nb1c3 Bf8b4
4.e5 b6
5.Qd1g4 Bb4f8
6.h4 h5
7.Qg4d1 Bc8a6
8.Bf1xa6 Nb8xa6
9.Nc3e2 c5
10.c3 Na6b8
11.Ng1f3 Ng8e7
12.Ne2g3 Nb8c6
13.Bc1g5 Qd8d7
14.Nf3g1 Ne7g6
15.Rh1h3 Bf8e7
16.Ng3xh5 O-O-O
17.Kf1 cxd4
18.cxd4 Nc6xd4
19.Qd1xd4 Rh8xh5
20.Bg5xe7 Ng6xe7
21.Rh3c3 Kb8
22.Ng1f3 Ne7f5
23.Qd4b4 d4
24.Ra1d1 Rh5h8
25.Rc3d3 Rd8c8
26.g3 Qd7b7
27.Nf3xd4 Qb7h1
28.Ke2 Qh1e4
29.Kf1 Qe4h1
 { time }
0-1

[Event "Tourn. n10188"]
[Site "www.echecsemail.com"]
[Date "2019.10.15"]
[Round "1"]
[White "Conde7"]
[Black "Nevaeh"]
[WhiteElo "2880"]
[BlackElo "2830"]
[Result "1-0"]
[Round "1"]
1.a3 e5
2.c4 Ng8f6
3.Nb1c3 Nb8c6
4.Ng1f3 d5
5.cxd5 Nf6xd5
6.Qd1c2 Bf8e7
7.e3 Nd5xc3
8.dxc3 Qd8d6
9.Bf1c4 f5
10.O-O e4
11.Rf1d1 Qd6g6
12.Nf3d4 Nc6e5
13.Bc4f1 O-O
14.b4 a5
15.a4 Kh8
16.b5 c5
17.bxc6 bxc6
18.c4 Bc8a6
19.Bc1b2 Be7d6
20.g3 Ra8e8
21.c5 Ba6xf1
22.cxd6 Bf1d3
23.Qc2c3 Rf8f7
24.Ra1c1  { time }
1-0

[Event "Tourn. n10154"]
[Site "www.echecsemail.com"]
[Date "2019.10.15"]
[Round "1"]
[White "Jazzy"]
[Black "Jerome"]
[WhiteElo "2370"]
[BlackElo "2269"]
[Result "0-1"]
[Round "1"]
1.d4 f5
2.e3 Ng8f6
3.Ng1f3 e6
4.Bf1d3 Bf8e7
5.O-O O-O
6.c4 d6
7.Nb1c3 c5
8.dxc5 dxc5
9.e4 Nb8c6
10.Rf1e1 Nc6b4
11.Bd3b1 Qd8xd1
12.Re1xd1 Nb4c6
13.exf5 exf5
14.a3 Rf8d8
15.Rd1xd8 Nc6xd8
16.Bc1f4 Bc8e6
17.Bb1a2 Nf6e4
18.Nc3d5 Be6xd5
19.cxd5 Nd8f7
20.Nf3d2 Ne4xd2
21.Bf4xd2 Kf8
22.Bd2c3 Nf7d6
23.f3 Ra8e8
24.Ra1e1 Be7f6
25.Re1xe8 Nd6xe8
26.Bc3xf6 Ne8xf6
27.d6 Ke8
28.Ba2e6 f4
29.h4 b5
30.Kh2 Nf6d7
31.h5 Nd7e5
32.Kh3 h6
33.Be6c8 c4
34.Bc8f5 a5
35.Kh2 Ne5d3
36.b3 Nd3e5
37.Bf5c2 cxb3
38.Bc2xb3 a4
39.Bb3e6 Ne5c4
{ resign }
0-1

[Event "Tourn. n10214"]
[Site "www.echecsemail.com"]
[Date "2019.10.15"]
[Round "1"]
[White "Galiany17"]
[Black "Seger"]
[WhiteElo "2490"]
[BlackElo "2860"]
[Result "0-1"]
[Round "1"]
1.d4 d5
2.c4 Ng8f6
3.cxd5 Nf6xd5
4.Ng1f3 Bc8f5
5.Nb1d2 Nd5b6
6.e4 Bf5g6
7.b3 e6
8.Bc1b2 Nb8d7
9.Bf1d3 Bf8e7
10.O-O O-O
11.Qd1e2 a5
12.a4 Be7b4
13.h3 c6
14.Nd2c4 Nb6xc4
15.bxc4 Qd8e7
16.Ra1c1 Ra8d8
17.Rf1d1 Rf8e8
18.c5 h6
19.Qe2e3 Bg6h7
20.Bb2a1 f6
21.e5 Bh7xd3
22.Rd1xd3 fxe5
23.Nf3xe5 Nd7xe5
24.Qe3xe5 Qe7g5
25.Qe5xg5 hxg5
26.Rd3g3 e5
27.dxe5 Rd8d5
28.Ba1b2 Bb4xc5
29.Rg3xg5 Re8f8
30.Rg5g4 Rf8xf2
31.Kh1 Rf2xb2
{ resign }
0-1

[Event "Tourn. n10197"]
[Site "www.echecsemail.com"]
[Date "2019.10.15"]
[Round "1"]
[White "Vasylpuzanov"]
[Black "Picifarkinca"]
[WhiteElo "1410"]
[BlackElo "1520"]
[Result "1-0"]
[Round "1"]
1.e4 e6
2.d4 d5
3.e5 c5
4.c3 Qd8b6
5.Ng1f3 Bc8d7
6.Bf1e2 Bd7b5
7.O-O Bb5xe2
8.Qd1xe2 Nb8c6
9.dxc5 Bf8xc5
10.b4 Bc5f8
11.Nb1a3 Ng8e7
12.c4 Ra8d8
13.Na3b5 Nc6xb4
14.Bc1e3 Qb6a5
15.Nb5d6 Rd8xd6
16.exd6 Ne7f5
17.a3 Nb4a6
18.d7 Kxd7
19.cxd5 exd5
20.Nf3e5 Ke8
21.Ne5g6 Bf8e7
22.Ng6xh8 Nf5xe3
23.fxe3 f6
24.Qe2h5 { resign }
1-0

[Event "Tourn. n10210"]
[Site "www.echecsemail.com"]
[Date "2019.10.15"]
[Round "1"]
[White "Claudia"]
[Black "Bigrezi"]
[WhiteElo "2170"]
[BlackElo "2260"]
[Result "0-1"]
[Round "1"]
1.d4 d5
2.c4 Ng8f6
3.cxd5 Nf6xd5
4.e4 Nd5f6
5.Nb1c3 e6
6.Ng1f3 c5
7.e5 Nf6d5
8.Bf1d3 cxd4
9.Nf3xd4 Bf8c5
10.O-O Bc5xd4
11.Bd3b5 Bc8d7
12.Qd1xd4 Bd7xb5
13.Nc3xb5 O-O
14.Rf1d1 Nb8c6
15.Qd4e4 Qd8b6
16.Nb5d4 Ra8d8
17.Nd4xc6 Nd5c3
18.Nc6e7 Kh8
19.Rd1xd8 Rf8xd8
20.Bc1e3 Qb6xb2
{ resign }
0-1

[Event "Tourn. n10183"]
[Site "www.echecsemail.com"]
[Date "2019.10.15"]
[Round "1"]
[White "Nevaeh"]
[Black "Jose"]
[WhiteElo "2830"]
[BlackElo "2810"]
[Result "0-1"]
[Round "1"]
1.Ng1f3 Ng8f6
2.g3 d5
3.Bf1g2 c5
4.O-O e6
5.c4 d4
6.e3 Nb8c6
7.exd4 cxd4
8.d3 Bf8d6
9.Bc1g5 h6
10.Bg5xf6 Qd8xf6
11.Nb1d2 Qf6e7
12.Rf1e1 O-O
13.Nd2b3 Qe7f6
14.Nb3d2 Bd6c7
15.a3 a5
16.c5 Bc8d7
17.Ra1c1 Rf8d8
18.Rc1c4 Ra8b8
19.Nd2e4 Qf6e7
20.Qd1c1 e5
21.b4 axb4
 { time }
0-1

[Event "Tourn. n10188"]
[Site "www.echecsemail.com"]
[Date "2019.10.15"]
[Round "1"]
[White "Sociopath"]
[Black "Nevaeh"]
[WhiteElo "2790"]
[BlackElo "2830"]
[Result "1-0"]
[Round "1"]
1.e4 c5
2.Ng1f3 d6
3.Bf1b5 Bc8d7
4.Bb5xd7 Nb8xd7
5.c4 e6
6.Nb1c3 Ng8f6
7.O-O a6
8.Qd1e2 Bf8e7
9.d3 O-O
10.Bc1d2 Qd8c7
11.h3 Rf8e8
12.Ra1b1 Nd7b8
13.d4 cxd4
14.Nf3xd4 Nb8d7
15.Rb1c1 h6
16.b3 Ra8c8
17.Rf1d1 Nd7e5
18.f4 Ne5d7
19.Kh2 Be7f8
20.Rd1f1 b6
21.Bd2e1 Nd7c5
22.Be1h4  { time }
1-0

[Event "1/4 Finale"]
[Site "www.chess-mail.com"]
[Date "2019.10.15"]
[Round "1"]
[White "Conde7"]
[Black "Jaroslavpech"]
[WhiteElo "2880"]
[BlackElo "2680"]
[Result "1/2-1/2"]
[Round "1"]
1.e4 c5
2.Ng1f3 Nb8c6
3.Bf1b5 d6
4.O-O Bc8d7
5.Rf1e1 Ng8f6
6.c3 a6
7.Bb5f1 Bd7g4
8.h3 Bg4xf3
9.Qd1xf3 g6
10.d3 Bf8g7
11.Nb1a3 O-O
12.Bc1e3 Ra8c8
13.Na3c2 Rf8e8
14.a3 Nf6d7
15.g3 e6
16.Bf1g2 b5
17.Qf3e2 Nd7b6
18.Ra1b1 Nb6a4
19.Qe2d2 Nc6a5
20.h4 h5
21.f4 Qd8d7
22.f5 c4
23.fxe6 fxe6
24.d4 Na5b3
25.Qd2e2 e5
26.Kh2 exd4
27.Nc2xd4 Nb3c5
28.Bg2h3 Qd7b7
29.Bh3xc8 Qb7xc8
30.Qe2g2 Nc5xe4
31.Nd4e2 Qc8g4
32.Ne2f4 g5
33.Nf4d5 gxh4
34.gxh4 Qg4xh4
35.Kg1 Qh4g4
36.Qg2xg4 hxg4
37.Kg2 Ne4f6
38.Nd5c7 Re8e7
39.Nc7xa6 Nf6d5
40.Be3d2 Bg7e5
41.Re1e4 Nd5f6
42.Re4e1 Nf6d5
43.Bd2h6 { draw }
1/2-1/2

[Event "1/32 Finale"]
[Site "www.chess-mail.com"]
[Date "2019.10.15"]
[Round "1"]
[White "Reignblowcan"]
[Black "Claudia"]
[WhiteElo "2640"]
[BlackElo "2170"]
[Result "1-0"]
[Round "1"]
1.e4 c5
2.Ng1f3 d6
3.Bf1b5 Bc8d7
4.Bb5xd7 Nb8xd7
5.O-O e6
6.c4 Ng8f6
7.Nb1c3 Bf8e7
8.h3 O-O
9.d3 a6
10.a3 Qd8c7
11.Ra1b1 h6
12.Bc1e3 d5
13.cxd5 exd5
14.exd5 Nd7b6
15.Rb1c1 Nb6xd5
16.Nc3xd5 Nf6xd5
17.Be3xc5 Be7xc5
18.d4 Nd5f4
19.Rc1xc5 Qc7d6
20.Rc5e5 Qd6g6
21.Nf3h4 Nf4xh3
22.Kh2 Qg6f6
23.Kxh3 { resign }
1-0

[Event "Fast Game"]
[Site "www.echecsemail.com"]
[Date "2019.10.15"]
[Round "1"]
[White "Apdash"]
[Black "Esperanza"]
[WhiteElo "1930"]
[BlackElo "1870"]
[Result "0-1"]
[Round "1"]
1.e4 e5
2.Bf1c4 Bf8c5
3.Ng1f3 Nb8c6
4.O-O Ng8f6
5.Nb1c3 O-O
6.d3 h6
7.Nc3a4 Bc5e7
8.c3 a6
9.Bc1e3 b5
10.Bc4xf7 Rf8xf7
11.Na4c5 Nf6g4
12.Nc5b3 Ng4xe3
13.fxe3 d6
14.d4 Bc8g4
15.Nb3d2 Be7g5
16.Qd1e1 Bg5f6
17.d5 Nc6b8
18.Qe1g3 Bg4xf3
19.gxf3 Bf6h4
20.Qg3g4 Qd8g5
21.Qg4xg5 Bh4xg5
22.Ra1e1 Nb8d7
23.c4 Ra8f8
24.Kg2 Nd7c5
25.b3 Nc5d3
26.Re1e2 Nd3b4
27.a3 Nb4c2
28.Kf2 Nc2xa3
29.cxb5 axb5
30.b4 Na3c4
31.Nd2xc4 Rf7xf3
32.Kg2 Rf3xf1
{ resign }
0-1

[Event "Fast Game"]
[Site "www.echecsemail.com"]
[Date "2019.10.15"]
[Round "1"]
[White "Javas"]
[Black "Hennie4820"]
[WhiteElo "1599"]
[BlackElo "1540"]
[Result "1-0"]
[Round "1"]
1.d4 Ng8f6
2.Ng1f3 g6
3.Bc1f4 Bf8g7
4.e3 O-O
5.h3 d6
6.Bf1e2 Nb8d7
7.Nb1d2 Rf8e8
8.O-O c6
9.c4 e5
10.dxe5 dxe5
11.Bf4h2 Nd7b6
12.Bh2xe5 Bc8e6
13.Nf3d4 Be6xc4
14.Be5xf6 Bc4xe2
15.Bf6xd8 Be2xd1
16.Bd8xb6 axb6
17.Rf1xd1 Ra8d8
18.Nd2f3 c5
19.Nd4b5 Bg7xb2
20.Ra1b1 Bb2g7
21.Nf3d2 Re8e7
22.Nd2c4 Rd8xd1
23.Rb1xd1 { resign }
1-0

[Event "Fast Game"]
[Site "www.echecsemail.com"]
[Date "2019.10.15"]
[Round "1"]
[White "Claudia"]
[Black "Apdash"]
[WhiteElo "2020"]
[BlackElo "1930"]
[Result "0-1"]
[Round "1"]
1.d4 Ng8f6
2.c4 e6
3.Nb1c3 d5
4.cxd5 exd5
5.Bc1g5 Bf8e7
6.e3 O-O
7.Bf1d3 c5
8.dxc5 Bc8e6
9.Ng1f3 Nb8d7
10.b4 a5
11.a3 axb4
12.axb4 h6
13.Bg5h4 Qd8c7
14.Bh4g3 Qc7c8
15.O-O b6
16.cxb6 Qc8xc3
{ resign }
0-1

[Event "Fast Game"]
[Site "www.echecsemail.com"]
[Date "2019.10.15"]
[Round "1"]
[White "Ranjachess"]
[Black "Hennie4820"]
[WhiteElo "1580"]
[BlackElo "1530"]
[Result "1-0"]
[Round "1"]
1.d4 Ng8f6
2.Bc1f4 g6
3.Nb1c3 Bf8g7
4.Qd1d2 O-O
5.O-O-O d6
6.e4 Nf6h5
7.Ng1f3 Nh5xf4
8.Qd2xf4 f5
9.e5 Qd8e8
10.Bf1c4 Kh8
11.Nf3g5 h6
12.Ng5e6 { resign }
1-0

[Event "Match"]
[Site "www.echecsemail.com"]
[Date "2019.10.16"]
[Round "1"]
[White "Nevaeh"]
[Black "Aperturaf"]
[WhiteElo "2830"]
[BlackElo "2720"]
[Result "0-1"]
[Round "1"]
1.e4 e6
2.d4 d5
3.Nb1c3 Ng8f6
4.e5 Nf6d7
5.f4 Bf8e7
6.Ng1f3 c5
7.Bc1e3 b6
8.Nc3e2 Nb8c6
9.a3 Bc8a6
10.c3 Ra8c8
11.g3 g6
12.g4 cxd4
13.cxd4 Be7h4
14.Ne2g3 Ba6xf1
15.Kxf1 Bh4e7
16.Kg2 f5
17.gxf5 gxf5
 { time }
0-1

[Event "Tourn. n10161"]
[Site "www.echecsemail.com"]
[Date "2019.10.16"]
[Round "1"]
[White "Ditto"]
[Black "Iko"]
[WhiteElo "1880"]
[BlackElo "1830"]
[Result "1-0"]
[Round "1"]
1.e4 e5
2.Ng1f3 d6
3.Bf1c4 Bc8e6
4.Bc4xe6 fxe6
5.d4 exd4
6.Qd1xd4 Nb8c6
7.Qd4d1 Qd8f6
8.O-O Nc6e5
9.Bc1e3 Ra8d8
10.Nb1d2 d5
11.Be3g5 Ne5xf3
12.Nd2xf3 Qf6g6
13.Rf1e1 Bf8e7
14.Bg5f4 dxe4
15.Nf3d2 Be7g5
16.Bf4xg5 Qg6xg5
17.Re1e2 Ng8h6
18.Qd1e1 Qg5e5
19.c3 Rh8f8
20.Nd2xe4 Nh6g4
21.Ne4g3 Qe5d6
22.Re2xe6 Kf7
23.Re6xd6 Rd8xd6
24.Qe1e4 Ng4f6
25.Qe4c4 Nf6d5
26.Ra1d1 c6
27.Ng3e4 b5
28.Qc4c5 Rf8d8
29.h3 Nd5f4
30.Ne4xd6 Ke6
31.Rd1e1 Kf6
32.Qc5f5 
1-0

[Event "Tourn. n10201"]
[Site "www.echecsemail.com"]
[Date "2019.10.16"]
[Round "1"]
[White "Nevaeh"]
[Black "Wd40"]
[WhiteElo "2830"]
[BlackElo "2640"]
[Result "0-1"]
[Round "1"]
1.e4 e6
2.d4 d5
3.Nb1c3 Ng8f6
4.e5 Nf6d7
5.f4 c5
6.Ng1f3 Nb8c6
7.Bc1e3 a6
8.Nc3e2 Qd8b6
9.Qd1c1 Bf8e7
10.c3 f6
11.exf6 Nd7xf6
12.dxc5 Be7xc5
13.Be3xc5 Qb6xc5
14.Ne2d4 O-O
15.Bf1d3 Bc8d7
16.O-O Ra8e8
 { time }
0-1

[Event "Tourn. n10201"]
[Site "www.echecsemail.com"]
[Date "2019.10.16"]
[Round "1"]
[White "Coolant"]
[Black "Nevaeh"]
[WhiteElo "2360"]
[BlackElo "2830"]
[Result "1-0"]
[Round "1"]
1.d4 Ng8f6
2.Bc1g5 d5
3.Ng1f3 Nf6e4
4.Bg5f4 c5
5.e3 Qd8b6
6.Qd1c1 Nb8c6
7.c3 f6
8.h4 cxd4
9.exd4 e5
10.Bf4e3 exd4
11.Nf3xd4 Nc6xd4
12.Be3xd4 Bf8c5
13.Bd4xc5 Qb6xc5
14.Qc1e3 Qc5xe3
15.fxe3 Ne4g3
16.Rh1h2  { time }
1-0

[Event "Tourn. n10078"]
[Site "www.echecsemail.com"]
[Date "2019.10.16"]
[Round "1"]
[White "Reignblowcan"]
[Black "Nevaeh"]
[WhiteElo "2560"]
[BlackElo "2780"]
[Result "1-0"]
[Round "1"]
1.c4 e6
2.Nb1c3 Ng8f6
3.e4 d5
4.cxd5 exd5
5.e5 Nf6e4
6.Ng1f3 Nb8c6
7.Bf1b5 Bf8e7
8.Nf3d4 Bc8d7
9.Nd4xc6 bxc6
10.Bb5e2 O-O
11.O-O Ne4xc3
12.dxc3 Be7c5
13.Be2a6 Bd7c8
14.Ba6d3 Qd8h4
15.Qd1f3 f6
16.exf6 Rf8xf6
17.Qf3g3 Qh4xg3
18.hxg3 Bc8f5
19.Bd3a6 Ra8b8
20.b3 Kf7
21.Bc1d2 Rf6e6
22.Rf1e1 Bc5d6
23.Re1xe6 Bf5xe6
24.Bd2f4 Ke7
25.Bf4g5 Kd7
26.Ba6d3 h6
27.Bg5e3 c5
28.Ra1e1 a5
29.Re1b1 Ke7
30.f3 h5
31.Be3g5 Kf7
32.Kf2 Rb8b6
33.Bg5f4 Kf6
34.Bf4xd6 cxd6
35.Ke3 Rb6b8
36.Kd2 g6
37.Ke3 g5
38.Kd2 Be6f7
39.Ke3 Rb8e8
40.Kd2 Re8b8
41.Ke3 Rb8e8
42.Kd2 Re8g8
43.Ke3 Rg8b8
44.Kd2 Rb8b7
45.Ke3 Bf7e8
46.Kd2 Rb7b8
47.Ke3 Be8f7
48.Ke2 Bf7e6
49.Ke3 Rb8e8
50.Kd2 Be6f7
51.Rb1d1 Re8g8
52.Ke3 Rg8e8
53.Kd2 Re8b8
54.Ke3 Rb8b7
55.Bd3e2 Ke7
56.f4 g4
57.Be2a6 Rb7b8
58.Ba6d3 Kf6
59.Bd3e2 Rb8e8
60.Kd2 Re8b8
61.Ke3 Ke7
62.Be2d3 Kf8
63.Bd3c2 a4
64.Rd1b1 a3
65.Kd2 Kg7
66.Ke3 Rb8e8
67.Kf2 d4
68.cxd4 c4
69.bxc4 Bf7xc4
70.Bc2d1 Re8e4
71.Rb1c1 Re4xd4
72.Ke1 d5
73.Rc1c2 Rd4e4
74.Kf2 Kf6
75.Bd1e2 Bc4xe2
76.Rc2xe2 Re4c4
77.Re2e3 Rc4c2
78.Re3e2 Rc2c5
79.Re2e3 Kf5
80.Re3e5 Kg6
81.Re5e6 Kf5
82.Re6e5 Kg6
83.Re5e6 Kf7
84.Re6e3 Rc5c2
85.Re3e2 Rc2b2
86.Ke3 Kf6
87.Kd3 Rb2b1
88.Kd4 Rb1d1
89.Kc3 Kf5
90.Re2d2 Rd1c1
91.Rd2c2 Rc1e1
92.Kd2 Re1b1
93.Ke3 Rb1b2
94.Kd2 Ke4
95.Rc2xb2 axb2
96.Kc2 Ke3
97.Kxb2 d4
98.f5 d3
99.f6 d2
100.f7 d1Q
101.f8Q Qd1d2
102.Ka3 Qd2xg2
103.Qf8c5  { time }
1-0

[Event "Tourn. n10215"]
[Site "www.echecsemail.com"]
[Date "2019.10.16"]
[Round "1"]
[White "Said13"]
[Black "Iko"]
[WhiteElo "1809"]
[BlackElo "1820"]
[Result "1-0"]
[Round "1"]
1.c4 e5
2.Nb1c3 Bf8b4
3.Ng1f3 Bb4xc3
4.bxc3 e4
5.Nf3d4 c5
6.Nd4b3 Nb8c6
7.Nb3xc5 b6
8.Nc5xe4 Bc8b7
9.Ne4d6 Kf8
10.Nd6xb7 Qd8c7
11.Bc1a3 Ng8e7
12.Nb7d6 h5
13.e4 Rh8h6
14.Nd6f5 d6
15.Nf5xh6 gxh6
16.Qd1xh5 Ne7g8
17.g4 Qc7d7
18.g5 hxg5
19.Qh5xg5 f6
20.Qg5f4 Nc6e5
21.Rh1g1 Qd7a4
22.Ba3xd6 Kf7
23.Bd6xe5 Qa4c2
24.Rg1xg8 Ra8xg8
25.Qf4xf6 Ke8
26.Qf6e6 Kd8
27.Qe6xg8 Ke7
28.Qg8g5 Kf8
29.Qg5g7 Ke8
30.Qg7g6 Kf8
31.Bf1h3 Qc2d3
32.Bh3e6 Qd3c2
33.Qg6f7 
1-0

[Event "Tourn. n10213"]
[Site "www.echecsemail.com"]
[Date "2019.10.16"]
[Round "1"]
[White "Jazzy"]
[Black "Obisporey"]
[WhiteElo "2390"]
[BlackElo "2590"]
[Result "0-1"]
[Round "1"]
1.d4 Ng8f6
2.Ng1f3 g6
3.a3 Bf8g7
4.Bc1f4 O-O
5.Nb1c3 d5
6.h3 Nf6e4
7.e3 c5
8.Bf1e2 Nb8c6
9.O-O Bc8f5
10.Nc3xe4 dxe4
11.Nf3e5 cxd4
12.Ne5xc6 bxc6
13.exd4 Qd8b6
14.g4 Bf5e6
15.Bf4e3 Qb6xb2
16.Qd1c1 Bg7xd4
17.Be3xd4 Qb2xd4
18.Rf1d1 Qd4c3
19.Qc1d2 Qc3xh3
{ resign }
0-1

[Event "Tourn. n10209"]
[Site "www.echecsemail.com"]
[Date "2019.10.16"]
[Round "1"]
[White "Malbertan"]
[Black "Ditto"]
[WhiteElo "2000"]
[BlackElo "1910"]
[Result "0-1"]
[Round "1"]
1.e4 e5
2.f4 Nb8c6
3.Ng1f3 d6
4.Bf1c4 Bc8g4
5.c3 a6
6.O-O exf4
7.d4 Qd8f6
8.Qd1b3 Ng8e7
9.Qb3xb7 Ra8b8
10.Qb7xa6 Rb8c8
11.Bc4b5 Bg4d7
12.d5 Nc6b8
13.Qa6xc8 Ne7xc8
14.Nf3d4 Bf8e7
15.Bc1xf4 Qf6g6
16.Nb1d2 Bd7xb5
17.Nd4xb5 Nb8a6
18.Nb5d4 O-O
19.Nd4c6 Be7f6
{ resign }
0-1

[Event "Match"]
[Site "www.echecsemail.com"]
[Date "2019.10.16"]
[Round "1"]
[White "Andychesston"]
[Black "Fereike"]
[WhiteElo "1930"]
[BlackElo "1540"]
[Result "0-1"]
[Round "1"]
1.e4 e5
2.Nb1c3 Ng8f6
3.Ng1f3 d6
4.d4 Nb8d7
5.d5 g6
6.Bc1g5 Bf8g7
7.Qd1d2 O-O
8.h3 a5
9.Bf1b5 Nd7c5
10.O-O Bc8d7
11.Ra1d1 Qd8e8
12.a4 Nf6xe4
13.Qd2e3 Ne4xc3
14.Bb5xd7 Nc3xd1
15.Bd7xe8 Nd1xe3
16.Bg5xe3 Rf8xe8
17.b3 Nc5d7
18.c4 b6
19.Nf3d2 f5
20.f4 e4
21.Rf1d1 Nd7f6
22.Be3d4 Nf6d7
23.Bd4xg7 Kxg7
24.Kf1 Nd7c5
25.Ke2 e3
26.Nd2f3 Nc5xb3
27.Nf3g5 Nb3c5
28.g4 h6
29.Ng5f3 Re8e4
30.gxf5 gxf5
31.Nf3h4 Kf6
32.Rd1g1 Ra8e8
33.Rg1g6 Kf7
34.Rg6xh6 Re4xf4
35.Nh4f3 Rf4xc4
36.Nf3g5 Kg7
37.Rh6e6 Nc5xe6
38.Ng5xe6 Re8xe6
{ resign }
0-1

[Event "Tourn. n10188"]
[Site "www.echecsemail.com"]
[Date "2019.10.16"]
[Round "1"]
[White "Nevaeh"]
[Black "Galiany17"]
[WhiteElo "2830"]
[BlackElo "2350"]
[Result "0-1"]
[Round "1"]
1.e4 e5
2.Ng1f3 Nb8c6
3.Bf1b5 a6
4.Bb5a4 Ng8f6
5.O-O Bf8e7
6.Rf1e1 b5
7.Ba4b3 d6
8.c3 O-O
9.h3 Bc8b7
10.d4 Rf8e8
11.Nf3g5 Re8f8
12.Ng5f3 Rf8e8
13.Nb1d2 Be7f8
14.a3 g6
15.Bb3a2 Bf8g7
16.b4 exd4
17.cxd4 a5
18.d5 Nc6e5
19.Nf3xe5 Re8xe5
20.Bc1b2 Re5e7
21.bxa5 Ra8xa5
22.Qd1f3 Nf6e8
23.Bb2xg7 Ne8xg7
24.Qf3c3 Ra5a6
25.Qc3b2 c6
26.dxc6 Bb7xc6
27.Ra1d1 Ra6a7
28.Re1e3 Ra7c7
29.Qb2b4 Ng7e8
30.Nd2f3 Qd8a8
31.Rd1e1 Qa8a7
32.e5 Qa7c5
33.e6 f6
34.Nf3d4 Bc6d5
35.Ba2xd5 Qc5xd5
36.Nd4xb5 Rc7c4
37.Qb4b3 Rc4c5
38.Qb3xd5 Rc5xd5
39.a4 Kf8
 { time }
0-1